Detalles MARC
| 000 -LEADER |
| campo de control de longitud fija |
04481nam a22006617a 4500 |
| 001 - NÚMERO DE CONTROL |
| campo de control |
42835 |
| 003 - IDENTIFICADOR DE NÚMERO DE CONTROL |
| campo de control |
gtgccic |
| 005 - FECHA Y HORA DE LA ÚLTIMA TRANSACCIÓN |
| campo de control |
20250731142931.0 |
| 007 - CAMPO FIJO DE DESCRIPCIÓN FÍSICA--INFORMACIÓN GENERAL |
| campo de control de longitud fija |
ta |
| 008 - DATOS DE LONGITUD FIJA--INFORMACIÓN GENERAL |
| campo de control de longitud fija |
250731b ck ||||| |||| 00| 0 spa d |
| 020 ## - NÚMERO INTERNACIONAL ESTÁNDAR DEL LIBRO |
| Número Internacional Estándar del Libro |
958600659 t. 1 |
| 020 ## - NÚMERO INTERNACIONAL ESTÁNDAR DEL LIBRO |
| Número Internacional Estándar del Libro |
9586006603 t. 2 |
| 020 ## - NÚMERO INTERNACIONAL ESTÁNDAR DEL LIBRO |
| Número Internacional Estándar del Libro |
9586006611 t. 3 |
| 020 ## - NÚMERO INTERNACIONAL ESTÁNDAR DEL LIBRO |
| Número Internacional Estándar del Libro |
958600662 t. 4 |
| 020 ## - NÚMERO INTERNACIONAL ESTÁNDAR DEL LIBRO |
| Número Internacional Estándar del Libro |
9586581 Obra completa |
| 040 ## - FUENTE DE CATALOGACIÓN |
| Centro catalogador/agencia de origen |
gtgccic |
| Lengua de catalogación |
spa |
| Centro/agencia transcriptor |
gtgccic |
| Centro/agencia modificador |
gtgccic |
| Normas de descripción |
rda |
| 082 ## - NÚMERO DE LA CLASIFICACIÓN DECIMAL DEWEY |
| Número de clasificación |
690 M572:5 t. 1 |
| 082 ## - NÚMERO DE LA CLASIFICACIÓN DECIMAL DEWEY |
| Número de clasificación |
690 M572:5 t. 2 |
| 082 ## - NÚMERO DE LA CLASIFICACIÓN DECIMAL DEWEY |
| Número de clasificación |
690 M572:5 t. 3 |
| 082 ## - NÚMERO DE LA CLASIFICACIÓN DECIMAL DEWEY |
| Número de clasificación |
690 M575:5 t. 4 |
| 100 1# - ENTRADA PRINCIPAL--NOMBRE DE PERSONA |
| Nombre de persona |
Frederick S. Merritt, |
| Numeración |
Consulting Engineer, West Palm Beach, Florida |
| Término indicativo de función/relación |
Editor |
| 100 1# - ENTRADA PRINCIPAL--NOMBRE DE PERSONA |
| Nombre de persona |
Jonathan T. Ricketts, |
| Numeración |
Consulting Engineer, Palm Spring, Florida |
| Término indicativo de función/relación |
Editor |
| 245 ## - MENCIÓN DEL TÍTULO |
| Título |
Manual integral para diseño y construcción / |
| Mención de responsabilidad, etc. |
Merritt, Frederick S. |
| 250 ## - MENCION DE EDICION |
| Mención de edición |
5a. ed. |
| Resto de la mención de edición |
Traducido de Building design and construction handbook |
| 264 ## - PRODUCCIÓN, PUBLICACIÓN, DISTRIBUCIÓN, FABRICACIÓN Y COPYRIGHT |
| Producción, publicación, distribución, fabricación y copyright |
Colombia : |
| Nombre del de productor, editor, distribuidor, fabricante |
McGraw-Hill ; |
| Fecha de producción, publicación, distribución, fabricación o copyright |
1997. |
| 300 ## - DESCRIPCIÓN FÍSICA |
| Extensión |
xxiv, p. irreg. : |
| Otras características físicas |
il. |
| Dimensiones |
24 cm |
| 336 ## - TIPO DE CONTENIDO |
| Fuente |
rdacontenido |
| Término de tipo de contenido |
texto |
| Código de tipo de contenido |
txt |
| 337 ## - TIPO DE MEDIO |
| Fuente |
rdamedio |
| Nombre/término del tipo de medio |
sin mediación |
| Código del tipo de medio |
n |
| 338 ## - TIPO DE SOPORTE |
| Fuente |
rdasoporte |
| Nombre/término del tipo de soporte |
volumen |
| Código del tipo de soporte |
nc |
| 505 ## - NOTA DE CONTENIDO CON FORMATO |
| Información miscelánea |
Sección 1 |
| Mención de responsabilidad |
Frederick S. Merritt |
| Título |
SISTEMAS DE CONSTRUCCIÓN |
| 505 ## - NOTA DE CONTENIDO CON FORMATO |
| Información miscelánea |
Sección 2 |
| Mención de responsabilidad |
Alan D. Hinklin |
| Título |
EL EQUIPO DE CONSTRUCCIÓN. ADMINISTRACIÓN DEL PROCESO DE CONSTRUCCIÓN |
| 505 ## - NOTA DE CONTENIDO CON FORMATO |
| Información miscelánea |
Sección 3 |
| Mención de responsabilidad |
Frederick S. Merritt |
| Título |
PROTECCIÓN CONTRA SINIESTROS |
| 505 ## - NOTA DE CONTENIDO CON FORMATO |
| Información miscelánea |
Sección 4 |
| Mención de responsabilidad |
Frederick S. Merritt y David J. Akers |
| Título |
MATERIALES DE CONSTRUCCIÓN |
| 505 ## - NOTA DE CONTENIDO CON FORMATO |
| Información miscelánea |
Sección 5 |
| Mención de responsabilidad |
Frederick S. Merritt |
| Título |
TEORÍA ESTRUCTURAL |
| 505 ## - NOTA DE CONTENIDO CON FORMATO |
| Información miscelánea |
Sección 6 |
| Mención de responsabilidad |
Charles P. Gupton |
| Título |
MECÁNICA DE SUELOS Y CIMENTACIONES |
| 505 ## - NOTA DE CONTENIDO CON FORMATO |
| Información miscelánea |
Sección 7 |
| Mención de responsabilidad |
Bruce Glidden |
| Título |
CONSTRUCCIÓN EN ACERO ESTRUCTURAL |
| 505 ## - NOTA DE CONTENIDO CON FORMATO |
| Información miscelánea |
Sección 8 |
| Mención de responsabilidad |
Don S. Wolford |
| Título |
CONSTRUCCIÓN EN ACERO CONFORMADO EN FRÍO |
| 505 ## - NOTA DE CONTENIDO CON FORMATO |
| Información miscelánea |
Sección 9 |
| Mención de responsabilidad |
Edward S. Hoffman |
| Título |
CONSTRUCCIÓN EN HORMIGÓN |
| 505 ## - NOTA DE CONTENIDO CON FORMATO |
| Información miscelánea |
Sección 10 |
| Mención de responsabilidad |
John ¨Buddy¨ Showalter y Thomas G. Williamson |
| Título |
CONSTRUCCIÓN EN MADERA |
| 505 ## - NOTA DE CONTENIDO CON FORMATO |
| Información miscelánea |
Sección 11 |
| Mención de responsabilidad |
Frederic S. Merritt |
| Título |
MUROS, PISOS Y SISTEMAS DE CIELOS RASOS |
| 505 ## - NOTA DE CONTENIDO CON FORMATO |
| Información miscelánea |
Sección 12 |
| Mención de responsabilidad |
Thomas Lee Smith |
| Título |
SISTEMAS DE CUBIERTA |
| 505 ## - NOTA DE CONTENIDO CON FORMATO |
| Información miscelánea |
Sección 13 |
| Mención de responsabilidad |
Frank C. Yanocha |
| Título |
CALEFACCIÓN, VENTILACIÓN Y AIRE ACONDICIONADO |
| 505 ## - NOTA DE CONTENIDO CON FORMATO |
| Información miscelánea |
Sección 14 |
| Mención de responsabilidad |
Gregory P. Gladfelter |
| Título |
INSTALACIONES SANITARIAS. ABASTECIMIENTO DE AGUA POTABLE, EQUIPOS CONTRAINCENDIO Y SISTEMAS DE AGUAS RESIDUALES |
| 505 ## - NOTA DE CONTENIDO CON FORMATO |
| Información miscelánea |
Sección 15 |
| Mención de responsabilidad |
James M. Bannon |
| Título |
SISTEMAS ELÉCTRICOS |
| 505 ## - NOTA DE CONTENIDO CON FORMATO |
| Información miscelánea |
Sección 16 |
| Mención de responsabilidad |
Steven D. Edgett |
| Título |
CIRCULACIÓN VERTICAL |
| 505 ## - NOTA DE CONTENIDO CON FORMATO |
| Información miscelánea |
Sección 17 |
| Mención de responsabilidad |
Robert F. Borg y Kirl J Borg |
| Título |
ADMINISTRACIÓN DE PROYECTOS DE CONSTRUCCIÓN |
| 505 ## - NOTA DE CONTENIDO CON FORMATO |
| Información miscelánea |
Sección 18 |
| Mención de responsabilidad |
John H. Baker |
| Título |
LEVANTAMIENTO DE PLANOS PARA LA CONSTRUCCIÓN DE UN EDIFICIO |
| 505 ## - NOTA DE CONTENIDO CON FORMATO |
| Información miscelánea |
Sección 19 |
| Mención de responsabilidad |
Colman J. Mullin y Robert H. Kantor |
| Título |
CÁLCULO DE COSTOS DE CONSTRUCCIÓN |
| 505 ## - NOTA DE CONTENIDO CON FORMATO |
| Información miscelánea |
Apéndice |
| Mención de responsabilidad |
Frederick S. Merritt |
| Título |
FACTORES PARA LA CONVERSIÓN AL SISTEMA MÉTRICO DE UNIDADES (SI) |
| 520 ## - RESUMEN, ETC. |
| Sumario, etc. |
El libro presenta en varios volúmenes lo mejor de las prácticas habituales de diseño y construcción de edificios, información que será de gran utilidad para quienes tengan que tomar decisiones relativas a selección de materiales y métodos de construcción. Se ha hecho énfasis en los principios fundamentales y aplicaciones prácticas de ellos, con atención especial a los procedimientos simplificados. Los cambios sociológicos, los progresos de la industria y el comercio, los nuevos códigos de construcción, la expedición de nuevas leyes y regulaciones, las economías afectadas por la inflación así como los avances en la tecnología de la construcción son factores que generan preocupaciones e inquietudes cada vez mayores a los constructores y diseñadores de edificios, quienes necesitan conocimientos y destrezas más amplias con el objeto de hacerles frente a esas exigencias. El público solicita edificios más complejos que en el pasado, ya que deben servir para más propósitos, ser de mayor duración y requerir menos mantenimiento y reparaciones. Claro que también deben ser estéticamente agradables. |
| 650 ## - PUNTO DE ACCESO ADICIONAL DE MATERIA--TÉRMINO DE MATERIA |
| Término de materia o nombre geográfico como elemento de entrada |
INGEDNIERÍA DE LA CONSTRUCCIÓN |
| 650 ## - PUNTO DE ACCESO ADICIONAL DE MATERIA--TÉRMINO DE MATERIA |
| Término de materia o nombre geográfico como elemento de entrada |
MATERIALES DE CONSTRUCCIÓN |
| 650 ## - PUNTO DE ACCESO ADICIONAL DE MATERIA--TÉRMINO DE MATERIA |
| Término de materia o nombre geográfico como elemento de entrada |
MECÁNICA DE SUELOS |
| 700 ## - ENTRADA AGREGADA--NOMBRE PERSONAL |
| Nombre de persona |
Eduardo Carriazo Paz |
| Fechas asociadas al nombre |
Ingeniero civil Universidad Nacional de Colombia |
| Término indicativo de función/relación |
Traducción |
| 700 ## - ENTRADA AGREGADA--NOMBRE PERSONAL |
| Nombre de persona |
Félix Esquivia Muñoz |
| Fechas asociadas al nombre |
Corporación Universitaria Santafé de Bogotá |
| Término indicativo de función/relación |
Analista químico |
| 942 ## - ELEMENTOS DE ENTRADA SECUNDARIOS (KOHA) |
| Fuente de la clasificación o esquema de estantería |
Clasificación Decimal Dewey |
| Tipo de ítem Koha |
Libros |
| Suprimir en OPAC |
No |
| 945 ## - PROCESAMIENTO DE INFORMACIÓN LOCAL (OCLC) |
| a |
amlo |